000 00428nam a2200157Ia 4500
008 090124s9999 xx 000 0 und d
082 _b2682
_a116
245 _a ज्ञानेश्र्वर
250 _a1
260 _c1924
300 _a212
630 _a ज्ञानेश्र्वर
700 _aटिपणीस गो.गो.
730 _a ज्ञानेश्र्वर
942 _cBOOK
999 _c116627
_d116627